000 00404cam a22001097a 4500
008 180718b1932 xxu||||| |||| 00| 0 eng d
082 _aA32 Ut8
245 _aThe style book prescribed for use in the government presses of the United Provinces of Agra and Oudh
_cComplied by D.W. Crighton
260 _aAllahabad
_bSuperintendent, Printing and Stationery
_c1932
300 _a369+p.
700 _aCrighton, D.W.
999 _c389889
_d389889